000 00654nam a2200217 a 4500
001 000023734
005 20200930022427.0
008 110112s2004 pr 000 j spa d
020 _a1932271317
040 _aDO-SdBNP
_bspa
_cBNPHU
082 _aPR863.44
_bR586r
100 1 _aRíos Robles, José,
_d1978-
_948869
245 1 0 _aRelatos insomnes /
_cJosé Ríos Robles.
260 _aSan Juan, Puerto Rico :
_bIsla Negra,
_c2004.
300 _a79 p. ;
_c22 cm.
490 1 _aEl rostro y la máscara
650 4 _aCuentos puertorriqueños
_9249
650 4 _aLiteratura puertorriqueña
_9250
830 0 _aEl rostro y la máscara
_9251
049 _aBNGR
999 _c23230
_d23230